|
|
|
|
| LEADER |
00000nam a2200000 i 4500 |
| 001 |
DIGAUHUM0036 |
| 003 |
NyNyDIG |
| 007 |
cr ||||||||||| |
| 008 |
250502s2024 ck a bo 000 p spa d |
| 006 |
m o d |
| 035 |
|
|
|a (OCoLC)1519505449
|
| 040 |
|
|
|a DGITA
|b eng
|e rda
|e pn
|c DGITA
|
| 020 |
|
|
|a 9786287700659
|q (versión digital)
|
| 020 |
|
|
|z 9786287700642
|q (versión impresa)
|
| 050 |
1 |
4 |
|a PQ8180.432.A752 ebook
|
| 100 |
1 |
|
|a Valencia Potes, Inocencio,
|e author.
|
| 245 |
1 |
4 |
|a Una ronda por el aula /
|c Inocencio Valencia Potes ; ilustraciones, Brisa Vanessa Valencia Arroyo.
|
| 250 |
|
|
|a Primera edición.
|
| 264 |
|
1 |
|a Bogotá :
|b Editorial Aula de Humanidades,
|c 2024.
|
| 300 |
|
|
|a 1 online resource :
|b color illustrations.
|
| 336 |
|
|
|a text
|b txt
|2 rdacontent
|
| 337 |
|
|
|a computer
|b c
|2 rdamedia
|
| 338 |
|
|
|a online resource
|b cr
|2 rdacarrier
|
| 347 |
|
|
|a text file
|2 rdaft
|
| 347 |
|
|
|b PDF
|
| 490 |
1 |
|
|a Colección: Literatura. Serie: Poesía
|
| 588 |
0 |
|
|a Online resource; title from PDF title page (Digitalia, viewed May 2, 2025)
|
| 655 |
|
7 |
|a Poetry.
|2 lcgft
|
| 700 |
1 |
|
|a Valencia Arroyo, Brisa Vanessa,
|e illustrator.
|
| 791 |
2 |
|
|a Digitalia (Firm),
|e distributor.
|
| 793 |
0 |
|
|g Digitalia eBook Collection:
|a Editorial Aula de Humanidades
|
| 776 |
0 |
8 |
|i Print version:
|a Valencia Potes, Inocencio.
|t Ronda por el aula.
|b Primera edición.
|d Bogotá : Editorial Aula de Humanidades, [2024]
|z 9786287700642
|
| 830 |
|
0 |
|a Colección Literatura (Editorial Aula de Humanidades).
|p Serie Poesía.
|
| 856 |
4 |
0 |
|3 Digitalia Hispánica
|u https://www.digitaliapublishing.com/a/170624/
|
| 910 |
|
|
|a Premium collection: 2025
|